00510nam a22001577a 450000500170000000800410001702000180005805000230007610000250009924500750012425000120019926000470021130000340025850400340029265000260032620160919122249.0160919b xxu||||| |||| 00| 0 eng d a9780393934984 aGN 50.4b.L37 2011 aLarsen Clark Spencer aOur origins:bDiscovering physical anthropology/cClark Spenser Larsen a2nd ed. aNew York:bW.W. Norton and Company;c2011. axxxiii,468p. :bill. ;c23cm. aIncludes references and index aPhysical Anthropology